Essential of Computer in Business/ (Record no. 167275)

MARC details
000 -LEADER
fixed length control field 00513nam a22001817a 4500
005 - DATE AND TIME OF LATEST TRANSACTION
control field 20190826152744.0
010 ## - LCCN (DPL NO)
LC control number ENG-126313
020 ## - INTERNATIONAL STANDARD BOOK NUMBER
Terms of availability 210.00
International Standard Book Number 9788193708866
035 ## - SYSTEM CONTROL NUMBER
System control number EN-109845
037 ## - SOURCE OF ACQUISITION
Source of stock number/acquisition DBAD/PUB
082 ## - DEWEY DECIMAL CLASSIFICATION NUMBER
Classification number 384.30285
100 ## - MAIN ENTRY--PERSONAL NAME
Personal name Vengatesan, G.
245 ## - TITLE STATEMENT
Title Essential of Computer in Business/
Statement of responsibility, etc by G. Vengatesan
260 ## - PUBLICATION, DISTRIBUTION, ETC. (IMPRINT)
Place of publication, distribution, etc Tamilnadu
Name of publisher, distributor, etc Blue Hill Publishers
Date of publication, distribution, etc 2018
270 ## - ADDRESS
City Coimbatore
Address
Postal code 641113
300 ## - PHYSICAL DESCRIPTION
Extent 68p.
Dimensions 22cm(pbk)
942 ## - ADDED ENTRY ELEMENTS (KOHA)
Source of classification or shelving scheme Dewey Decimal Classification
Item type English Books
Classification part 384.30285
Call number suffix VEN
Holdings
Withdrawn status Lost status Not for loan Collection code Home library Current library Date acquired Source of acquisition Cost, normal purchase price Full call number Barcode Copy number Cost, replacement price Koha item type
      Non-fiction D.B.Act.Division Mobile Library 26/08/2019 DBAD/PUB 210.00 384.30285 VEN EN-109845 1 210.00 English Books

© Delhi Public Library
Hit Counter
free hit counter